000 00677nam a22001937a 4500
999 _c11548
_d11548
003 OSt
005 20200131105120.0
008 181211b ||||| |||| 00| 0 eng d
022 _a00116009
040 _c0
082 _aDPer 792.805 D19 Mar-Aug 2016 v.90, n.3-8
100 _aBauer, Claudia
_933114
245 _aGetting into character:
_bThe czardas, mazurka and tarantella are more relevant to modern-day training than ever/
_cClaudia Bauer.
260 _aNew York:
_bDance Media,
_c©Mar 2016 - Aug 2016.
300 _a v. 90, n.3, pages 46-47.
_bcolored illustrations:
_c25 cm.
500 _aDance magazine
650 _aBallet
_vPeriodicals
_933118
942 _2ddc
_cPER